Bonhams and Phillips merge (Record no. 67778)

MARC details
000 -LEADER
fixed length control field 00827cam a2200205 4500
001 - CONTROL NUMBER
control field WB3729-01
008 - FIXED-LENGTH DATA ELEMENTS--GENERAL INFORMATION
fixed length control field 010725n2001 000 0 eng u
035 ## - SYSTEM CONTROL NUMBER
System control number (Sirsi) u113755
245 ## - TITLE STATEMENT
Title Bonhams and Phillips merge
260 ## - PUBLICATION, DISTRIBUTION, ETC.
Date of publication, distribution, etc. 2001
490 ## - SERIES STATEMENT
Series statement Antiques Trade Gazette
Volume/sequential designation (1498) 21 July 2001, 1(1)
520 ## - SUMMARY, ETC.
Summary, etc. Subject to EU approval, Bonhams & Brooks is to merge with Phillips UK following a successful exchange deal with Phillip's UK owner. The new company will be known as Bonhams, has more than 700 staff and a combined annual sales turnover of £150m. For more information go to http://www.bonhams.com/Press%20Release/merge.htm
590 ## - LOCAL NOTE (RLIN)
Local note WB
650 ## - SUBJECT ADDED ENTRY--TOPICAL TERM
Topical term or geographic name entry element BONHAMS & BROOKS
650 ## - SUBJECT ADDED ENTRY--TOPICAL TERM
Topical term or geographic name entry element AUCTION HOUSES
650 ## - SUBJECT ADDED ENTRY--TOPICAL TERM
Topical term or geographic name entry element FINE ART MARKET
650 ## - SUBJECT ADDED ENTRY--TOPICAL TERM
Topical term or geographic name entry element MERGERS
690 ## - LOCAL SUBJECT ADDED ENTRY--TOPICAL TERM (OCLC, RLIN)
Topical term or geographic name as entry element Arts and antiques
9 (RLIN) 6217
942 ## - ADDED ENTRY ELEMENTS (KOHA)
Suppress in OPAC 0
Holdings
Withdrawn status Lost status Source of classification or shelving scheme Damaged status Not for loan Home library Current library Shelving location Date acquired Total Checkouts Full call number Barcode Date last seen Copy number Price effective from Koha item type
    Dewey Decimal Classification     London London News article 25/07/2001   WB3729-01 113755-1001 06/08/2019 1 06/08/2019 News article